000
00340 a2200157 4500
001
58404
020
_a
040
_c
Anchieta - Pituba
100
_a
Corrêa, Luiz Carlos Salomão
240
1
0
_a
O segredo de Noca
_l
por
245
1
0
_a
O segredo de Noca
300
_a
304
362
0
_a
1997
650
4
_a
Ficção brasileira
942
_c
BK
999
_c
58404
_d
58404